| 000 | nam a22 c 4500 | ||
|---|---|---|---|
| 999 |
_c376199 _d376199 |
||
| 003 | BLK | ||
| 005 | 20200721141647.0 | ||
| 008 | 200721b bul|||||r ||||||| ||bul|| | ||
| 040 | _aBLK | ||
| 041 |
_aBUL _cBUL |
||
| 080 |
_aБългарска литература _b821.163.2 _x-32 _z821.163.2-32 |
||
| 100 | 1 |
_aВойнов, Кирил _eПърви автор _9419376 |
|
| 139 | _aВойнов, Кирил | ||
| 245 | 1 | 0 |
_aУтро _bРазкази _cКирил Войнов. |
| 257 | _aBGR | ||
| 260 |
_aСофия _bБълг. писател _c1956 |
||
| 300 |
_a179 с. _c18 см |
||
| 380 | _aX | ||
| 500 | _a3 000 тир. | ||
| 852 |
_aЦб І 89 _bЦб |
||
| 856 | 4 |
_qpdf _u |
|
| 856 | 4 |
_qpdf _u |
|
| 942 |
_cKNG _n0 _s1 |
||
| 944 |
_aCR _c2020-07-21 |
||